El Palacio de la Diputación General de Cataluña a través de los textos literarios /
Descripción Física:
Il·lustracions
Colección:
San Jorge,
; núm. 4 (octubre 1951), pàg. 24-31
Materias:
Palau de la Generalitat de Catalunya -- Reculls d'escrits
; Barcelona (Catalunya : Província). -- Reculls d'escrits
Idioma:
Español
MARC
| LEADER | 00000naa a2200000 a 4500 | ||
|---|---|---|---|
| 003 | Arxiu | ||
| 005 | 20260324181035.0 | ||
| 008 | 160829s1951 spcaxx s spa c | ||
| 040 | |a agdb | ||
| 100 | |a Capmany, Aureli, |d 1868-1954 |9 53743 | ||
| 245 | 1 | 3 | |a El Palacio de la Diputación General de Cataluña a través de los textos literarios / |c por Aurelio Capmany |
| 300 | |b Il·lustracions | ||
| 490 | |a San Jorge, |v núm. 4 (octubre 1951), pàg. 24-31 | ||
| 610 | 2 | 0 | |9 54642 |a Palau de la Generalitat de Catalunya |v Reculls d'escrits |
| 610 | 1 | 0 | |9 54641 |a Barcelona (Catalunya : Província). |v Reculls d'escrits |
| 773 | |t San Jorge. |g Núm. 4 (octubre 1951), pàg. 24-31 | ||
| 901 | |a Arxiu | ||
| 942 | |n 1 |2 udc |c ART | ||
| 952 | |0 0 |1 0 |4 0 |6 REV508 |7 1 |9 64575 |a Arxiu |b Arxiu |d 2022-12-01 |l 0 |o Rev-508 |r 2022-12-01 00:00:00 |w 2022-12-01 |y ARXIU |z També disponible a Rev-521 | ||
| 999 | |c 48218 |d 48218 | ||